| 000 | 00000nam 2200000za 4500 |
| 001 | 9.572953 |
| 003 | CaOODSP |
| 005 | 20221107134027 |
| 007 | cr ||||||||||| |
| 008 | 150406s1999 onc|||||o f00| 0 eng d |
| 040 | |aCaOODSP|beng |
| 043 | |an-cn--- |
| 086 | 1 |aM22-132/5-1999E-PDF |
| 110 | 1 |aCanada. |bNatural Resources Canada. |
| 245 | 10|aElectricity Industry Issues Table options paper |h[electronic resource] |
| 260 | |aOttawa : |bThe Table,|c1999. |
| 300 | |a165p.|bgraphs, tables |
| 590 | |a12-10-Supp|b2012-03-23 |
| 710 | 2 |aNational Climate Change Secretariat (Canada).|bElectricity Industry Issues Table. |
| 775 | 08|tTable sur l'électricité, rapport final |w(CaOODSP)9.603199 |
| 776 | 0#|tElectricity / |w(CaOODSP)9.615172 |
| 856 | 40|ahttp://publications.gc.ca|qPDF|s620 KB|uhttps://publications.gc.ca/collections/Collection/M22-132-5-1999E.pdf |